<?xml version="1.0" encoding="UTF-8"?>
<record
    xmlns:xsi="http://www.w3.org/2001/XMLSchema-instance"
    xsi:schemaLocation="http://www.loc.gov/MARC21/slim http://www.loc.gov/standards/marcxml/schema/MARC21slim.xsd"
    xmlns="http://www.loc.gov/MARC21/slim">

  <leader>00950nam a22002417a 4500</leader>
  <controlfield tag="001">4307</controlfield>
  <controlfield tag="003">FISKH</controlfield>
  <controlfield tag="005">20250805102317.0</controlfield>
  <controlfield tag="008">240717b        cb ||||| |||| 00| 0 eng d</controlfield>
  <datafield tag="020" ind1=" " ind2=" ">
    <subfield code="a">9780439879958</subfield>
  </datafield>
  <datafield tag="040" ind1=" " ind2=" ">
    <subfield code="a">FISKH</subfield>
    <subfield code="b">eng</subfield>
    <subfield code="c">FISKH</subfield>
    <subfield code="d">FISKH</subfield>
  </datafield>
  <datafield tag="050" ind1=" " ind2=" ">
    <subfield code="a">PN6727.M678 </subfield>
  </datafield>
  <datafield tag="082" ind1=" " ind2=" ">
    <subfield code="a">741.5973 </subfield>
  </datafield>
  <datafield tag="100" ind1=" " ind2=" ">
    <subfield code="a">Morse, Scott </subfield>
  </datafield>
  <datafield tag="245" ind1=" " ind2=" ">
    <subfield code="a">Magic pickle /</subfield>
    <subfield code="c">Edited by Sheila Keenan ; Book Design by Phil Falco ; Creative Director by David Saylor </subfield>
  </datafield>
  <datafield tag="260" ind1=" " ind2=" ">
    <subfield code="a">New York : </subfield>
    <subfield code="b">Scholastic, </subfield>
    <subfield code="c">2008.</subfield>
  </datafield>
  <datafield tag="300" ind1=" " ind2=" ">
    <subfield code="a">100 unnumbered pages : </subfield>
    <subfield code="b">color illustrations ; </subfield>
    <subfield code="c">23 cm</subfield>
  </datafield>
  <datafield tag="520" ind1=" " ind2=" ">
    <subfield code="a">When Weapon Kosher, the Magic Pickle, erupts from her bedroom floor, young Jo Jo Wigman works with him to stop the Brotherhood of Evil Produce from taking over the world and tries to find a way to impress cute Danny Johnson.</subfield>
  </datafield>
  <datafield tag="650" ind1=" " ind2=" ">
    <subfield code="a">Graphic Novel </subfield>
    <subfield code="v">Fantasy</subfield>
    <subfield code="x">Superheroes </subfield>
  </datafield>
  <datafield tag="700" ind1=" " ind2=" ">
    <subfield code="a">Keenan, Sheila </subfield>
    <subfield code="e">Editor </subfield>
  </datafield>
  <datafield tag="942" ind1=" " ind2=" ">
    <subfield code="2">ddc</subfield>
    <subfield code="c">BK</subfield>
    <subfield code="n">0</subfield>
  </datafield>
  <datafield tag="999" ind1=" " ind2=" ">
    <subfield code="c">4307</subfield>
    <subfield code="d">4307</subfield>
  </datafield>
  <datafield tag="952" ind1=" " ind2=" ">
    <subfield code="0">0</subfield>
    <subfield code="1">0</subfield>
    <subfield code="2">ddc</subfield>
    <subfield code="4">0</subfield>
    <subfield code="7">0</subfield>
    <subfield code="8">FIC</subfield>
    <subfield code="a">001</subfield>
    <subfield code="b">001</subfield>
    <subfield code="c">COM</subfield>
    <subfield code="d">2024-07-17</subfield>
    <subfield code="l">0</subfield>
    <subfield code="o">MOR 741.5973 PN6727.M678 </subfield>
    <subfield code="p">FISTK04827</subfield>
    <subfield code="r">2024-07-17 09:08:05</subfield>
    <subfield code="w">2024-07-17</subfield>
    <subfield code="y">BK</subfield>
  </datafield>
  <datafield tag="952" ind1=" " ind2=" ">
    <subfield code="0">0</subfield>
    <subfield code="1">0</subfield>
    <subfield code="2">ddc</subfield>
    <subfield code="4">0</subfield>
    <subfield code="7">0</subfield>
    <subfield code="8">FIC</subfield>
    <subfield code="a">002</subfield>
    <subfield code="b">002</subfield>
    <subfield code="c">SCB</subfield>
    <subfield code="d">2025-08-05</subfield>
    <subfield code="l">0</subfield>
    <subfield code="o">MOR 741.5973 PN6727.M678 </subfield>
    <subfield code="p">FISSE02187</subfield>
    <subfield code="r">2025-08-05 10:23:15</subfield>
    <subfield code="t">2</subfield>
    <subfield code="w">2025-08-05</subfield>
    <subfield code="y">BK</subfield>
  </datafield>
</record>
